Biblioteca

The formation of the christian biblical canon. (Registro nro. 65601)

Detalles MARC
000 -LÍDER
Campo fijo de descripción fija 01426nam a2200325 i 4500
001 - NÚMERO DE CONTROL
Campo de control 768714001
003 - IDENTIFICADOR DEL NÚMERO DE CONTROL
Campo de control CO-MdFUSB
005 - FECHA Y HORA DE LA ULTIMA TRANSACCIÓN
control field 20200901135406.0
007 - CAMPO FIJO DE DESCRIPCIÓN FIJA--INFORMACIÓN GENERAL
Campo fijo de descripción fija ta
008 - ELEMENTOS DE LONGITUD FIJA -- INFORMACIÓN GENERAL
Campo fijo de descripción fija -- Información general 200331t1997 mau |||| |||| 00| 0 eng d
020 ## - NÚMERO INTERNACIONAL NORMALIZADO PARA LIBROS
Número Internacional Normalizado del libro 9781565630529
040 ## - FUENTE DE CATALOGACIÓN
Agencia de catalogación original CO-MdFUSB
Idioma de catalogación spa
Agencia que realiza la transcripción CO-MdFUSB
Agencia que realiza la modificación CO-MdFUSBC
Convenciones de la descripción rda
041 ## - CÓDIGO DE IDIOMA
Código de idioma para texto/pista de sonido o título separado eng
082 ## - NÚMERO DE CLASIFICACIÓN DECIMAL DEWEY
Número de la edición del Dewey 23
Número de clasificación 220.12
Clave de autor-Numero de item M478
100 ## - ASIENTO PRINCIPAL--NOMBRE PERSONAL
Nombre personal McDonald, Lee Martin.
Término relacionador autor
245 #4 - TÍTULO
Título del Material The formation of the christian biblical canon.
Mención de responsabilidad, etc. / Lee M. McDonald
264 #1 - PRODUCCIÓN, PUBLICACIÓN, DISTRIBUCIÓN, MANUFACTURA, Y COPYRIGHT
Lugar de producción, publicación, distribución, manufactura massachusetts :
Nombre del productor, publicador, distribuidor Hendrickson Publishers,
Fecha de producción, publicación, distribución, manufactura, o copyright [1997]
264 #4 - PRODUCCIÓN, PUBLICACIÓN, DISTRIBUCIÓN, MANUFACTURA, Y COPYRIGHT
Fecha de producción, publicación, distribución, manufactura, o copyright © 1997
300 ## - DESCRIPCIÓN FÍSICA
Extensión 340 páginas
Dimensiones ; 23 cm
336 ## - TIPO DE CONTENIDO
Fuente rdacontent
Término de tipo de contenido texto
Código de tipo de contenido txt
337 ## - TIPO DE MEDIO
Fuente rdamedia
Nombre del tipo de medio sin mediación
Código del tipo de medio n
338 ## - TIPO DE SOPORTE
Fuente rdacarrier
Nombre del tipo de soporte volumen
Código Tipo de soporte nc
500 ## - NOTA GENERAL
Nota General Colección Dawn Christina Harrell<br/>
505 ## - NOTA DE CONTENIDO
Nota de contenido con formato preestablecido Parte I Orígenes del canon cristiano del Antiguo Testamento - Parte II Orígenes del canon del Nuevo Testamento - Apéndice II Los escritos del judaísmo rabínico - Apéndice III Los apóerifas y pseudoepígrafos y el problema del seudonimato - Apéndice IV Los agrafa ( Dichos no canónicos de Jesús) 293 - Apéndice V La Biblia como canon - Enfoque canónico de Brevard Childs 299 - Apéndice VI Un resumen de la investigación canónica - Fuentes principales y preguntas 310.
563 ## - NOTA DE ENCUADERNACIÓN
Nota de encuadernación Rústico
630 07 - TITULO UNIFORME
Título uniforme Biblia
Subdivisión de materia general Canon
942 ## - TIPO DE MATERIAL (KOHA)
Tipo de Item KOHA Libros General
945 ## - INFORMACIÓN LOCAL DEL REGISTRO
Catalogador Colección Dawn Christina Harrell
Existencias
Estado de Material Estado de Perdido Forma de Clasificación Estado de Dañado No para Préstamo Colección Biblioteca de Origen Biblioteca Permanente Fecha de Adquisición Forma de Adquisición Área Total de Préstamos Signatura Topográfica Código de Barras Última vez visto Ejemplar/Existencia Fecha de Remplazo Tipo de Material
    Dewey Decimal Classification     Colección General Biblioteca FUSBC Biblioteca FUSBC 31/03/2020 Colección Dawn Christina Harrell BIBLIA   G 220.12 M478f 21339 31/03/2020 Ej.1 31/03/2020 Libros General

Biblioteca FUSBC | Teléfono: (57+4) 349 88 10 Ext. 141| WhatsApp (+57) 3005338115 
E-mail: biblioteca@unisbc.edu.co | Calle 76 87-14 Robledo Palenque, Medellín, Colombia

Con tecnología Koha